000 00422nam a2200157Ia 4500
008 090124s9999 xx 000 0 und d
082 _b14105
_a3549
245 _a रम्य ते बालपण
250 _a1
260 _c1964
300 _a179
630 _a रम्य ते बालपण
700 _aकिणीकर रॉय
730 _a रम्य ते बालपण
942 _cBOOK
999 _c128045
_d128045